00387nam a2200181Ia 4500003000400000005001700004006001900021007000300040008004100043024001000084037001200094040002000106041001300126082001900139100001800158245002000176260000900196OSt20220928141554.0a|||||r|||| 00| 0 ta220927b |||||||| |||| 00| 0 eng d a16082 cTextual aSDCLcSDCLbeng 2engaeng aO142,1M89w, L6 aHaight Amanda 0aAnna Akhmatova. c1976